000 00830nam a2200229Ia 4500
005 20250108124850.0
008 008 250107s9999 xx 000 0 hin d
020 _a81-88857-35-1
037 _aTB
040 _aCRL
_bhin
_cCRL
041 _ahin
_2hin
084 _aO153,1NRAx R0
084 _qCRL
100 _aहीपाल, ले.
245 0 _aभारत में स्वच्छता अभियान: कार्यनीति और क्रियान्वयन
_cहीपाल, ले.
260 _aनई दिल्ली, भारत
_bराष्ट्रीय पुस्तक न्यास
_c2491
300 _a161पृ0
365 _aINR
_b200
650 _aप्रौद्योगिकि
942 _cTB
_hO153,1NRAx R0
999 _c1234879
_d1234879